000 nam a22 7a 4500
999 _c54047
_d54047
003 OSt
005 20220728153614.0
008 220728b xxu||||| |||| 00| 0 eng d
040 _cIIMT UNIVERSITY
100 _aRAMCHARAN MAHENDDRA
245 _aAASHA KI NAYI KIRAN
260 _aGORAKH PUR
_bGEETA PRESS
300 _a130
942 _2ddc
_c09